Una lección de vida y otros cuentos / (Registro nro. 3047)

Detalles MARC
000 -LEADER
fixed length control field 01555nam a2200205 a 4500
008 - CAMPO DE CONTROL (LIBRO)
fixed length control field 190916s2015 ag ||||gr|||| 00| 1 spa d
020 ## - INTERNATIONAL STANDARD BOOK NUMBER
ISBN 9789504936763
041 ## - CODIGO DE IDIOMA
Código de idioma del texto/pista de sonido o título separado spa
092 ## - SIGNATURA TOPOGRAFICA DEWEY LOCAL
número de clasificación 808
libristica 26
sección FON
100 1# - ENTRADA PRINCIPAL--NOMBRE PERSONAL
Nombre personal Fontanarrosa, Roberto.
9 (RLIN) 4089
245 4# - TITULO PROPIAMENTE DICHO
Título Una lección de vida y otros cuentos /
Mención de responsabilidad y remanente de la transcripción de la portada Roberto Fontanarrosa
250 ## - MENCION DE EDICION
Mención de edición 2a ed.
260 ## - PIE DE IMPRENTA
Lugar de publicación, distribución, etc Buenos Aires:
Nombre de la editorial, distribuidor, etc Planeta;
Fecha de publicación 2015.
300 ## - DESCRIPCION FISICA
Extension 328 p.
Otros detalles físicos 21x13cm
500 ## - NOTA GENERAL
Nota general Fontanarrosa, R. (2015). Una lección de vida y otros cuentos. (2a ed.). Buenos Aires : Planeta.
505 ## - NOTA DE CONTENIDO
Nota de contenido formateada "¡Conozco hombres mayores de cuanta años que todavía andan por la calle con el sonajero aferrado en la mano para que no se lo quiten! ¡Hombres de cuarenta años, yo los he visto! Por eso siempre me hizo reír mucho la estúpida pretensión del comunismo de terminar con la propiedad privada. Déle usted a un perro una pelotita de goma y luego intente sacársela. Y son perros que han leído a Marx, créamelo". El profesor Reiener diserta en una mesa de café sobre la nefasta influencia de las revistas femeninas en las mujeres. ¿Sorprender a la pareja cada día?, ¿Intentar vencer la rutina? Todas falacias que ocultan la verdad. Borzone, su oyente, está a punto de casarse y allí recibirá "una lección de vida": la base del matrimonio es la infidelidad. Una lección de vida y otros cuentos incluye además "El verde con los botones forrados", "Toro en Rosario", "Consejos de un padre", entre otros.
590 ## - NOTAS LOCALES (RLIN)
Nota local Donación septiembre 2019.
655 ## - MATERIA - GENERO/FORMA
Género/Forma Literatura
-- 2917
942 ## - ADDED ENTRY ELEMENTS (KOHA)
Source of classification or shelving scheme Dewey Decimal Classification
Item type LITERATURA
Existencias
Estado de retiro Existencia Fuente de clasificación Estado general No para prestamo Ubicación permanente ubicación actual Sala de ubicación Fecha de adquisición Fuente de adquisición Total Checkouts Número de clasificación Código de barras Date last seen Número de ejemplar Price effective from Koha tipo de elemento (item) Public note
    Dewey Decimal Classification     Biblioteca Medicina Biblioteca Medicina Circulación 16/09/2019 Donación septiembre 2019.   808 26 FON 4580 16/09/2019 Ej. 1 16/09/2019 LITERATURA Proyecto 4to libro Donación . Septiembre 2019.

UNIVERSIDAD NACIONAL DEL COMAHUE
Biblioteca de la Facultad de Ciencias Médicas
Sede Toschi: Los Arrayanes y Av. Toschi, Cipolletti  - Rio Negro
Sede Los Tordos:  Yrigoyen al 2211, Cipolletti - Rio Negro 

Teléfono: 0299 - 4774707 int 25
Contacto: biblioteca@facimed.uncoma.edu.ar
© 2011 - 2026